[Event "Linares"]
[Site "4"]
[Date "1983.??.??"]
[Round "3"]
[White "Karpov, Anatoly"]
[Black "Sax, Gyula"]
[Result "1-0"]
[WhiteElo "2710"]
[BlackElo "2560"]
[Annotator "JvR"]
[PlyCount "77"]
[EventDate "1983.??.??"]

1. e4 c5 2. Nf3 e6 3. d4 cxd4 4. Nxd4 Nf6 5. Nc3 d6 6. g4 $5 h6 7. Rg1 Be7 8.
Be3 Nc6 9. Qe2 Bd7 $5 10. h4 Nxd4 11. Bxd4 e5 12. Be3 Bc6 13. Qd3 Qa5 14. O-O-O
Nxe4 $1 {The counteraction starts in time.} 15. Nxe4 d5 16. Qb3 $1 dxe4 17. Bc4
Rf8 $1 18. Rd5 $5 ({An advantage brings} 18. g5 $1 hxg5 19. hxg5 Qa4 ({Karpov's
} 19... g6 $2 {is answered by} 20. Rh1 $1) 20. g6 $1 fxg6 21. Qc3) 18... Bxd5
19. Bxd5 Rd8 20. Bc4 Bb4 $1 21. c3 b5 22. Be2 Bd6 23. Qd5 Ke7 $2 ({The
splendid fight is continued in} 23... a6 $1 24. Qc6+ Ke7 25. Rd1 Rd7 26. Kb1
Rb8) 24. Bc5 Bxc5 25. Qxe5+ Kd7 26. Qxc5 Qc7 27. Qf5+ Ke7 28. Qxe4+ Kd7 29.
Qf5+ Ke7 30. Re1 Rd6 $6 ({The last chance gives} 30... Rh8 $1 31. Bxb5+ Kf8)
31. Bc4+ Kd8 32. Bxb5 a6 33. Ba4 g6 34. Qf3 Kc8 35. Re7 $3 {Karpov decides the
game with a sensational move.} Rd1+ ({The wonderful pointe is} 35... Qxe7 36.
Qa8+ Kc7 37. Qa7+ Kd8 38. Qb8#) 36. Kxd1 Qxe7 37. Qa8+ Kc7 38. Qa7+ Kd6 39.
Qb6+ (39. Qb6+ Ke5 40. Qd4+ Ke6 41. Bb3#) 1-0

[Event "Linares"]
[Site "4"]
[Date "1983.??.??"]
[Round "4"]
[White "Timman, Jan"]
[Black "Spassky, Boris"]
[Result "0-1"]
[WhiteElo "2605"]
[BlackElo "2605"]
[Annotator "JvR"]
[PlyCount "58"]
[EventDate "1983.??.??"]

1. e4 e5 2. Nf3 Nc6 3. Bb5 a6 4. Ba4 d6 5. Bxc6+ bxc6 6. d4 exd4 7. Qxd4 c5 8.
Qd3 g6 $5 9. Nc3 Bg7 10. Bf4 Ne7 11. O-O-O O-O 12. Qd2 $6 (12. e5 $1 Bf5 13.
Qe3 {keeps a plus.}) 12... Re8 13. Bh6 Bh8 $1 14. h4 Rb8 15. a3 $6 ({Better is
} 15. h5 c6 $1 {(Nunn)} 16. Bf4 Qb6 17. b3 Qa5 18. Na4 Qxa4 19. bxa4 Bb2+ $11)
15... Be6 16. Ng5 Qc8 17. Nxe6 Qxe6 18. Kb1 $2 ({Correct is} 18. h5 $1 Qa2 $5
19. Nxa2 Bxb2+ 20. Kb1 Bc3+ 21. Kc1 Bb2+ {and perpetual check.}) 18... Rb7 19.
Ka1 Reb8 20. Rb1 Nc6 21. f4 Bd4 22. Qd3 ({It is too late for} 22. h5 {due to}
Na5 $1 23. f5 Qe5 24. hxg6 Rxb2 $1 25. gxh7+ Kh8 26. Bf4 Qg7 27. Bh6 Qg3 $1 28.
Rxb2 Bxc3) 22... a5 23. Qh3 f5 24. Rhe1 Nb4 $1 {Spassky starts a mating attack.
} 25. axb4 axb4 26. Na4 Ra7 27. Qb3 c4 28. Qa2 Rba8 29. exf5 Rxa4 0-1

[Event "Linares"]
[Site "4"]
[Date "1983.??.??"]
[Round "6"]
[White "Larsen, Bent"]
[Black "Spassky, Boris"]
[Result "0-1"]
[WhiteElo "2555"]
[BlackElo "2605"]
[Annotator "JvR"]
[PlyCount "116"]
[EventDate "1983.??.??"]

1. Nf3 Nf6 2. c4 g6 3. Nc3 Bg7 4. e4 d6 5. d4 O-O 6. Be2 Bg4 7. Be3 Nc6 8. d5
Bxf3 9. Bxf3 Ne5 10. Be2 c6 11. O-O Qc7 12. Rc1 Rfe8 13. h3 Ned7 14. Re1 e6 15.
Bf1 exd5 16. exd5 Ne4 $6 {Black makes an opportunistic exchange.} 17. Nxe4 Rxe4
18. Bb6 $6 ({A slight material advantage is gained by} 18. dxc6 $1 bxc6 19. Bb6
axb6 $1 20. Rxe4 Bxb2 21. Rc2) 18... Rxe1 19. Bxc7 Rxd1 20. Rxd1 cxd5 21. Rxd5
Bxb2 22. Rb5 Bd4 23. Rxb7 $2 ({Correct is} 23. Bxd6) 23... Nc5 24. Rb1 Ne4 $1
25. g4 Bxf2+ 26. Kg2 Bc5 27. Ba5 Re8 28. Re1 Re5 29. Bd3 Ng5 30. Bc3 Bd4 31.
Bd2 Ne6 32. Kf3 Kf8 33. h4 Ke7 34. g5 f6 35. gxf6+ Kxf6 36. Be4 Nc5 37. Bc2 Ne6
38. Rd1 Rc5 39. Bd3 Be5 40. Rb1 Rc7 41. Ba5 $6 Rc6 42. a3 $6 {White allows the
decisive sacrifice of the exchange.} Ra6 43. Bb4 Ra4 44. Ke3 a5 45. Bc2 axb4
46. Bxa4 bxa3 47. Bb3 Kf5 48. Rf1+ Kg4 49. Kd3 h5 50. Kc2 Nd4+ 51. Kc3 Kxh4 52.
Bd1 Nf3+ 53. Kd3 a2 54. Bxf3 a1=Q 55. Rxa1 Bxa1 56. Ke2 g5 57. Kf1 g4 58. Bd5
Kg3 {Spassky made good use of the errors by the opponent.} 0-1

[Event "Linares"]
[Site "4"]
[Date "1983.??.??"]
[Round "8"]
[White "Spassky, Boris"]
[Black "Seirawan, Yasser"]
[Result "1-0"]
[WhiteElo "2605"]
[BlackElo "2600"]
[Annotator "JvR"]
[PlyCount "105"]
[EventDate "1983.??.??"]

1. Nf3 Nf6 2. c4 e6 3. d4 b6 4. Nc3 Bb4 5. Bg5 Bb7 6. e3 h6 7. Bh4 Bxc3+ 8.
bxc3 d6 9. Bd3 Nbd7 10. O-O Qe7 11. Nd2 g5 12. Bg3 O-O-O $5 ({Known is} 12...
h5 13. h3 {(Spassky-Lisitsyn, Leningrad 1956).}) 13. c5 $1 {Boris gives a pawn
before he moves his queen.} dxc5 14. Qa4 Kb8 15. Rab1 Nd5 ({Black has no time
for} 15... h5 $6 {due to} 16. Ba6 $1 h4 17. Nc4 $1 hxg3 18. Bxb7 gxh2+ 19. Kh1
cxd4 20. cxd4 {(after Timman).}) 16. Rb3 f5 17. Ba6 $1 {The pawn sacrifice
made this move possible.} cxd4 18. exd4 $2 ({Wiser is} 18. cxd4 f4 19. Nc4 Ba8
20. Na5 $1) 18... f4 {The crucial position has arisen.} 19. Nc4 $6 ({Spassky
preferred} 19. Rfb1 $1 {after the game. Black wins by} fxg3 20. hxg3 Bxa6 21.
Qxa6 c6 $1 22. Nc4 (22. Ra3 N7f6 23. c4 Qb7 $1 24. cxd5 Qxa6 25. Rxa6 Rxd5)
22... Rc8 23. Na5 Rc7 24. c4 Ka8 $1 25. cxd5 Rb8 26. Qe2 cxd5 {The piece is
returned in both variations.}) 19... Ba8 20. Bb5 c6 {Capture of the bishop is
okay.} 21. Bxc6 Bxc6 22. Qxc6 Rc8 23. Na5 Rxc6 ({Better is} 23... Rc7 $1 24. c4
Rhc8 {(Timman).}) 24. Nxc6+ Kc7 25. Nxe7 Nxe7 26. c4 Nc6 27. Bxf4+ gxf4 28. Rd1
Rf8 29. Rh3 Rf6 30. Rh5 e5 31. dxe5 Ndxe5 32. Rd5 Re6 33. h4 f3 34. gxf3 Nxf3+
35. Kg2 Nfe5 $2 ({Seirawan has seen} 35... Ncd4 $1 36. Kg3 {He misses} Ng1 $1
37. Rhe5 Nge2+ 38. Kh3 Nf4+) 36. c5 b5 $2 {He blunders again.} ({The exchange} 
36... bxc5 37. Rxc5 {draws.}) 37. Rd6 Rxd6 38. cxd6+ Kxd6 39. Rxh6+ Kd5 40. h5
a5 41. Rf6 Nd8 42. h6 Nef7 43. h7 a4 44. Kg3 Nh8 45. Rb6 Kc4 46. a3 Ndf7 47.
Kf4 Kc5 48. Rb8 Kd6 49. Rxb5 Ke6 50. Ra5 Ng6+ 51. Ke3 Kf6 52. Rxa4 Kg7 53. Ra7
1-0

[Event "Linares"]
[Site "4"]
[Date "1983.??.??"]
[Round "9"]
[White "Karpov, Anatoly"]
[Black "Larsen, Bent"]
[Result "1-0"]
[WhiteElo "2710"]
[BlackElo "2555"]
[Annotator "JvR"]
[PlyCount "85"]
[EventDate "1983.??.??"]

1. e4 c6 2. d4 d5 3. Nd2 dxe4 4. Nxe4 Bf5 5. Ng3 Bg6 6. h4 h6 7. Nf3 Nd7 8. h5
Bh7 9. Bd3 Bxd3 10. Qxd3 e6 11. Bf4 Ngf6 12. O-O-O Be7 13. Kb1 a5 14. Ne4 Nxe4
15. Qxe4 a4 16. Ne5 a3 17. b3 Nxe5 18. dxe5 Qa5 19. Bd2 Qc7 20. f4 O-O 21. f5
exf5 22. Qxf5 Qc8 23. Qxc8 Rfxc8 24. c4 b5 25. Kc2 Kf8 26. Rhf1 Ke8 27. Rf4 Ra7
28. Be1 Rb7 29. Rg4 Bf8 30. Rgd4 b4 31. Bh4 Be7 32. c5 Bxh4 33. Rxh4 Rb5 34.
Rc4 Rc7 35. Rdd4 Re7 36. Re4 Kd7 37. Kd3 Ke6 38. Red4 Kxe5 39. Re4+ Kf6 40.
Rf4+ Kg5 41. Rg4+ Kxh5 42. Rxg7 Rbb7 $4 ({Correct is} 42... Re6 43. Rc1 Rg6)
43. Rc1 $1 1-0

[Event "Linares"]
[Site "4"]
[Date "1983.??.??"]
[Round "11"]
[White "Andersson, Ulf"]
[Black "Larsen, Bent"]
[Result "1-0"]
[WhiteElo "2635"]
[BlackElo "2555"]
[Annotator "JvR"]
[PlyCount "67"]
[EventDate "1983.??.??"]

1. Nf3 c5 2. c4 g6 3. d4 cxd4 4. Nxd4 Bg7 5. e4 Nc6 6. Be3 Nf6 7. Nc3 O-O 8.
Be2 d6 9. O-O a5 $6 10. f3 Nd7 11. Ndb5 Nc5 12. Qd2 a4 13. Rfd1 Qa5 14. Rac1
Be6 15. Nd5 Qxd2 16. Rxd2 Bxd5 $2 ({Right is} 16... Ra5 17. Rcd1 h6) 17. cxd5
Nb4 {Andersson has a nice combination.} 18. Rxc5 $1 dxc5 19. Bxc5 Nxa2 20. Bxe7
Rfc8 21. f4 $2 ({Correct is} 21. d6 $1 Bh6 22. Rd1 Bf8 23. Bf6 Bg7 24. Bxg7
Kxg7 25. d7 Rd8 26. Bc4 Nb4 27. Nd6 $1 Rxd7 28. Ne8+ Rxe8 29. Rxd7 $18) 21...
Bf8 22. d6 Nb4 $2 ({The knight moves along the proper road in} 22... Nc1 $1 23.
Bd1 Nb3 24. Rd5 Rc4 $1 25. Bh4 Nc5 $1 26. d7 Ne6 $1 27. d8=Q Nxd8 28. Bxd8 Rxe4
) 23. Bh4 Rc1+ 24. Kf2 Nc6 25. Nc7 a3 26. bxa3 Rxa3 27. e5 h6 28. Bf6 Bg7 29.
Be7 Bf8 30. Nd5 Ra8 31. h4 Rc5 32. Nf6+ Kg7 33. Bxf8+ Rxf8 34. Nd7 {Spassky
won the tournament before Karpov and Andersson.} 1-0

[Event "Linares"]
[Site "5"]
[Date "1985.??.??"]
[Round "1"]
[White "Christiansen, Larry"]
[Black "Huebner, Robert"]
[Result "0-1"]
[WhiteElo "2560"]
[BlackElo "2605"]
[Annotator "JvR"]
[PlyCount "97"]
[EventDate "1985.??.??"]

1. d4 Nf6 2. c4 e6 3. Nf3 b6 4. a3 Bb7 5. Nc3 d5 6. cxd5 exd5 7. Qa4+ c6 8. g3
Nbd7 9. Bg2 Bd6 10. Nh4 O-O 11. Nf5 Bc7 12. O-O Re8 13. Bg5 Nf8 14. Rad1 h6 15.
Bc1 Ng6 16. Rfe1 Bc8 17. Qc2 Be6 18. Ne3 Qd7 19. b4 b5 20. a4 a6 21. Bd2 Bb6
22. Qd3 Ne7 23. a5 Ba7 24. Na2 $6 {Christiansen plays a passive game.} Nf5 25.
Nxf5 Bxf5 26. Qc3 Ne4 27. Qb2 Nd6 28. Nc1 Re7 29. Nb3 Rae8 30. Bf3 Be4 31. Qc3
Nc4 32. Bc1 $2 ({Correct is} 32. Bf4) 32... Bxf3 33. Qxf3 Qd6 34. Bd2 $5 (34.
Nc5 Bxc5 35. dxc5 Qg6 36. Bf4 Qc2 {is awful.}) 34... Nxd2 35. Rxd2 Qxb4 36. Rc1
Re6 37. Qd3 Qe7 38. Rdc2 Qd7 39. e3 Rf6 40. Qd1 Qf5 41. Qf1 Ree6 42. Nd2 h5 43.
Qg2 g5 44. h3 g4 45. h4 Qd3 46. Kh1 $2 Bxd4 $1 {Hübner strikes.} 47. exd4 Re2
48. Rxc6 Rfxf2 49. R6c3 {Christiansen was allowed to participate for the third
time, but he had lost his special 'Linares touch'.} 0-1

[Event "Linares"]
[Site "5"]
[Date "1985.??.??"]
[Round "1"]
[White "Ljubojevic, Ljubomir"]
[Black "Portisch, Lajos"]
[Result "1/2-1/2"]
[WhiteElo "2595"]
[BlackElo "2635"]
[Annotator "JvR"]
[PlyCount "106"]
[EventDate "1985.??.??"]

1. e4 c5 2. Nf3 e6 3. d4 cxd4 4. Nxd4 Nc6 5. Nb5 d6 6. c4 Nf6 7. N1c3 a6 8. Na3
Be7 9. Be2 O-O 10. O-O b6 11. Be3 Ne5 12. f3 Bb7 13. Qb3 Ned7 14. Rfd1 Qc7 15.
Rac1 Rac8 16. Bf1 Rfe8 17. Kh1 Bf8 18. Bg1 g6 19. Ne2 Qb8 20. Nc2 Qa8 21. Nc3
Rb8 22. a3 Nc5 23. Qa2 Rbc8 24. b4 Ncd7 25. Qb3 Qb8 26. Na4 Bc6 $6 27. b5 $1
axb5 28. cxb5 Ba8 29. Nb4 Nc5 30. Nxc5 bxc5 31. Na6 Qb6 32. a4 d5 33. exd5 exd5
34. a5 Qxa5 35. Nxc5 Rb8 $2 {The players are approaching the time control.} ({
Correct is} 35... Nh5) 36. Bd4 $1 Rec8 37. Qb2 Ne8 38. Nd7 Rxc1 39. Rxc1 Ba3
40. Qa1 Qd8 41. Nxb8 Bxc1 {The time control has passed, but ...} 42. Qxc1 $4 (
42. Qxa8 Bf4 43. Ba7 {wins a piece.}) 42... Qxb8 43. Qe3 Ng7 44. b6 Nf5 45. Qe5
Qxe5 46. Bxe5 Bb7 47. Kg1 Kf8 48. g4 Ne3 49. Bd3 Nc4 50. Bd4 Ke7 51. Kf2 Kd6
52. Kg3 Ne5 53. Bb5 Nc6 1/2-1/2

[Event "Linares"]
[Site "5"]
[Date "1985.??.??"]
[Round "2"]
[White "Huebner, Robert"]
[Black "Vaganian, Rafael"]
[Result "1-0"]
[WhiteElo "2605"]
[BlackElo "2640"]
[Annotator "JvR"]
[PlyCount "120"]
[EventDate "1985.??.??"]

1. c4 e5 2. Nc3 Nf6 3. Nf3 Nc6 4. g3 d5 5. cxd5 Nxd5 6. Bg2 Nb6 7. O-O Be7 8.
a3 O-O 9. b4 Be6 10. Rb1 a6 11. d3 Qc8 12. Bb2 Rd8 13. Qc1 Bh3 14. Ne4 Bxg2 15.
Kxg2 Qe6 16. Ba1 Nd7 17. Qc2 h6 18. Rfc1 g5 19. h3 f5 20. Ned2 g4 21. hxg4 fxg4
22. Nh2 Bg5 23. Rh1 Nf6 24. Qc4 Kf7 25. Qxe6+ Kxe6 {Black's optional edge has
been neutralised.} 26. Nb3 b6 27. Nf1 a5 $5 28. b5 Nd4 $2 {Hereafter, Black
gets many weaknesses.} ({Kovacevic regards} 28... a4 $1 29. bxc6 axb3 30. Rxb3
Rd6 31. Rc3 $6 Nd5 32. Rc4 Rxa3 33. Nh2 h5 34. Re4 {as winning for White, but}
Rxa1 $1 35. Rxa1 Nc3 36. Rc4 Nxe2 {favours White.}) 29. Bxd4 exd4 30. a4 Rd7
31. f4 $1 gxf3+ 32. exf3 Rg8 33. Kf2 h5 34. f4 Bh6 35. Rc1 Bf8 36. Nfd2 Bb4 37.
Rc6+ Kf7 38. Nc4 Re8 39. Kf3 Bd6 40. Nxd4 Bxf4 41. gxf4 Rxd4 42. Ne5+ Ke7 43.
Rxc7+ Ke6 44. Rg1 Ng4 45. Nxg4 hxg4+ 46. Rxg4 Red8 47. Rg6+ Kf5 48. Rg5+ Kf6
49. Rc6+ Kf7 50. Rxb6 Rxa4 51. Rb7+ Kf6 52. Kg4 Ra1 53. Rb6+ Kf7 54. Rc5 a4 55.
Rc7+ Kg8 56. Rg6+ Kh8 57. Rh6+ Kg8 58. b6 a3 59. b7 Rg1+ 60. Kf5 Rd5+ 1-0

[Event "Linares"]
[Site "5"]
[Date "1985.??.??"]
[Round "2"]
[White "Polugaevsky, Lev"]
[Black "Ljubojevic, Ljubomir"]
[Result "0-1"]
[WhiteElo "2625"]
[BlackElo "2595"]
[Annotator "JvR"]
[PlyCount "84"]
[EventDate "1985.??.??"]

1. d4 Nf6 2. c4 e6 3. Nf3 b6 4. Nc3 Bb4 5. Qb3 a5 6. g3 Nc6 7. Bg2 a4 8. Qc2
Ba6 9. a3 Bxc3+ 10. Qxc3 Na5 $5 11. Ne5 $6 ({Better is} 11. Nd2 $1) 11... d5
12. cxd5 Nxd5 13. Qc2 Nb3 14. Qc6+ $6 (14. Rb1 {accepts a small disadvantage.})
14... Kf8 15. Bg5 Qe8 16. Nd7+ Kg8 17. e4 $2 ({Relatively better is} 17. Rd1
Na5 $1 18. Qxa4 Bc4 {(Simic).}) 17... Nxd4 $5 {Ljubo does not choose the
prosaic finale.} ({Why not} 17... Nxa1 18. exd5 exd5+ 19. Kd2 Qe2+ 20. Kc1 Bb7
$1 21. Qc3 {(Simic)? And now} Qxf2 22. Bh3 Qxd4 $1) 18. Qxa4 c5 19. exd5 Bb5
20. Qd1 Qxd7 21. Be3 Be2 22. dxe6 Qxe6 23. Qxe2 Nxe2 24. Bxa8 Qc4 25. Rd1 Nd4
26. Bxd4 cxd4 27. Be4 g6 28. Bd3 Qa2 29. Rb1 Qb3 30. Kd2 Kg7 31. Rhc1 Re8 32.
Rc7 Re6 33. Rd7 Qa4 34. Rd5 Rf6 35. f4 Re6 36. Rc1 Re3 37. Rc4 $2 Rxd3+ $1 38.
Kxd3 Qd1+ 39. Ke4 f5+ 40. Ke5 Qe2+ 41. Kxd4 Qe4+ 42. Kc3 Qxd5 0-1

[Event "Linares"]
[Site "5"]
[Date "1985.??.??"]
[Round "3"]
[White "Ljubojevic, Ljubomir"]
[Black "Korchnoi, Viktor"]
[Result "1-0"]
[WhiteElo "2595"]
[BlackElo "2630"]
[Annotator "JvR"]
[PlyCount "81"]
[EventDate "1985.??.??"]

1. e4 e6 2. d4 d5 3. Nc3 Bb4 4. e5 c5 5. a3 Bxc3+ 6. bxc3 Ne7 7. Qg4 O-O 8. Nf3
Nbc6 9. Bd3 f5 10. exf6 Rxf6 11. Bg5 Rf7 12. Qh5 g6 13. Qh4 c4 14. Be2 Qa5 15.
Bd2 Nf5 16. Qg5 Bd7 17. g4 $6 ({Right is} 17. O-O {(Kostro-Golz, Budapest 1960)
.}) 17... Nd6 18. h4 $6 Ne4 $1 19. Qe3 Raf8 $2 (19... e5 20. h5 exd4 21. Nxd4 {
(Ernst-Hansen, Ostersund 1992)} g5 $1 {gains a big advantage (Timman).}) 20. h5
$1 gxh5 21. Rxh5 Rg7 22. Ng5 $1 Be8 23. Nxe6 Bxh5 24. Nxg7 Bg6 25. Nf5 Qc7 {
The queen returns for defensive purposes.} 26. O-O-O $1 {Ljubojevic provokes
brilliantly.} Qa5 27. Kb2 Rf6 $6 {Korchnoi wants to move his rook to b6.} ({
Better is} 27... Qb5+ 28. Ka2 Qa4 29. Rc1 Bxf5 30. gxf5 Kh8) 28. Bf3 $1 Ne5 $2
({Black should try} 28... Bxf5 29. gxf5 Ne7 30. Rg1+ Kf8) 29. Bxe4 $1 dxe4 ({
The pointe is} 29... Rb6+ 30. Ka2 Qb5 31. Bxd5+ Kf8 32. Qh6+ Ke8 33. Bc6+ $1
Rxc6 34. Qe3 {(Kovacevic).}) 30. dxe5 (30. Ne7+ $1 {wins more quickly.}) 30...
Rb6+ 31. Ka2 Qb5 32. Qxb6 $1 axb6 ({Or} 32... Qxb6 33. Be3 $1) 33. Bf4 Qa4 34.
Rd8+ Kf7 35. Nd4 e3 36. e6+ Kf6 37. fxe3 Bxc2 38. Rf8+ Ke7 39. Rf7+ Kd8 40. Bd6
Bb1+ 41. Kb2 $1 1-0

[Event "Linares"]
[Site "5"]
[Date "1985.??.??"]
[Round "5"]
[White "Ljubojevic, Ljubomir"]
[Black "Christiansen, Larry"]
[Result "1-0"]
[WhiteElo "2595"]
[BlackElo "2560"]
[Annotator "JvR"]
[PlyCount "73"]
[EventDate "1985.??.??"]

1. e4 e5 2. Nf3 Nf6 3. Nxe5 d6 4. Nf3 Nxe4 5. d4 d5 6. Bd3 Nc6 7. O-O Be7 8. c4
Nb4 9. Be2 Be6 10. Nc3 O-O 11. Be3 Bf6 12. Rc1 c5 13. a3 cxd4 $6 ({Right is} 
13... Nxc3 14. bxc3 Nc6) 14. Nxd4 Bxd4 15. Bxd4 Nxc3 16. Rxc3 $1 Nc6 17. cxd5
Nxd4 18. dxe6 $5 fxe6 $6 ({Lobron prefers} 18... Nxe6 $6 {but White controls
more territory in that case.}) 19. Bd3 Rf7 20. Qd2 Qf6 21. Rfc1 Raf8 22. f3 g5
$2 {A silly move.} 23. Qe3 b6 24. b4 h5 25. Rc4 e5 $2 {Black advances his
pawns unwisely.} ({Correct is} 25... Rd8 26. Rc8 Rxc8 27. Rxc8+ Kg7 {and White
has no immediate decision.}) 26. Rc7 $1 b5 27. Rxf7 Rxf7 28. Rc5 Rd7 29. Rxe5
Nxf3+ 30. gxf3 Rxd3 31. Rxg5+ Kf7 32. Qxa7+ Ke6 33. Qb6+ Rd6 34. Qxb5 Rd1+ 35.
Kf2 Qd4+ 36. Kg3 Qg1+ 37. Kh3 $1 {gives a tactical justification.} 1-0

[Event "Linares"]
[Site "5"]
[Date "1985.??.??"]
[Round "5"]
[White "Rivas Pastor, Manuel"]
[Black "Huebner, Robert"]
[Result "0-1"]
[WhiteElo "2480"]
[BlackElo "2605"]
[Annotator "JvR"]
[PlyCount "84"]
[EventDate "1985.??.??"]

1. d4 e6 2. c4 Nf6 3. Nf3 b6 4. Bf4 Bb7 5. e3 Be7 6. h3 c5 7. Nc3 cxd4 8. exd4
O-O 9. Bd3 d5 10. O-O dxc4 11. Bxc4 Nc6 12. Rc1 Rc8 13. Bd3 Nd5 14. Bg3 g6 15.
Re1 Na5 16. Qe2 Nxc3 17. bxc3 Bf6 18. Nd2 Bg7 19. Nf1 Qg5 20. Ne3 h5 21. Ba6
Qe7 22. Bxb7 Qxb7 23. Bh4 Qe4 24. Bg5 Nc4 25. f3 Qc6 26. g4 $6 Nxe3 27. Qxe3 $6
(27. Bxe3 {keeps the control over a2 and d4.}) 27... Qd5 {Black threatens 28...
Rxc3!} 28. Kg2 hxg4 29. hxg4 Rc6 $6 {Pawn a2 can be captured.} 30. Bh6 Rfc8 31.
Bxg7 Kxg7 32. Rh1 $1 Qxa2+ 33. Kg3 Qd5 34. Qh6+ Kf6 35. Rh5 {White attacks on
the kingside.} Qd6+ 36. Re5 $2 (36. Kg2 Ke7 37. Qg5+ Kd7 38. Rh7 Qe7 39. Qf4
Rf8 40. c4 {continues the counter-play.}) 36... Ke7 37. g5 Rxc3 38. Ra1 Qxd4
39. Qg7 Rxf3+ $1 40. Kxf3 Rc3+ 41. Ke2 Rc2+ 42. Kf3 Rf2+ {Ljubojevic and
Hübner had scored 4/5.} 0-1

[Event "Linares"]
[Site "5"]
[Date "1985.??.??"]
[Round "6"]
[White "Huebner, Robert"]
[Black "Polugaevsky, Lev"]
[Result "0-1"]
[WhiteElo "2605"]
[BlackElo "2625"]
[Annotator "JvR"]
[PlyCount "73"]
[EventDate "1985.??.??"]

1. d4 Nf6 2. c4 e6 3. g3 Bb4+ 4. Bd2 Be7 5. Bg2 d5 6. Nf3 O-O 7. O-O c6 8. Qc2
b6 9. Ne5 Bb7 10. Bc3 Na6 11. cxd5 Nxd5 12. Rd1 Qc7 13. e4 Nxc3 14. Nxc3 Rad8
15. Nc4 $6 {White plays too passively in the middle game.} ({Useful is} 15. f4
$1) 15... b5 $1 16. Ne3 Qb6 17. Ne2 c5 18. d5 Nb4 19. Qd2 c4 20. b3 $1 exd5 21.
exd5 cxb3 22. axb3 a5 {Black boldly advances on the queenside.} 23. Nf4 Rfe8
24. Nf5 Bf8 $6 ({Better is} 24... Bf6) 25. Re1 $2 {White has to exchange heavy
pieces, but he makes a wrong choice.} ({The black queen supports the queenside.
Therefore, Polugaevsky prefers} 25. Qd4) 25... Rxe1+ 26. Rxe1 Qf6 27. Ne3 a4 $1
28. bxa4 bxa4 29. Nc4 Ba6 30. Bf1 Bxc4 $1 31. Bxc4 a3 32. Rb1 Qd6 33. Qd4 a2 $1
34. Ra1 ({Or} 34. Rc1 Ra8 35. Qd1 Be7) 34... Nc2 35. Qb2 Nxa1 36. Qxa1 Qa3 37.
Qd1 {Polugaevsky played a fine game. Hübner lost the lead to Ljubojevic.} 0-1

[Event "Linares"]
[Site "5"]
[Date "1985.??.??"]
[Round "6"]
[White "Miles, Anthony"]
[Black "Ljubojevic, Ljubomir"]
[Result "0-1"]
[WhiteElo "2570"]
[BlackElo "2595"]
[Annotator "JvR"]
[PlyCount "116"]
[EventDate "1985.??.??"]

1. c4 e5 2. Nc3 Nc6 3. e3 Nf6 4. Qc2 g6 5. a3 Bg7 6. b4 O-O 7. Bb2 Re8 8. b5
Na5 9. Nf3 c6 10. Be2 d5 11. cxd5 cxd5 12. d4 e4 13. Ne5 Nd7 $1 14. Nxd7 Qxd7
15. Qa4 b6 16. Na2 $6 ({Wiser is} 16. Rc1 Qe6 17. Qd1) 16... Bb7 17. Bc3 $6 Nc4
$1 {Ljubo makes a clever positional sacrifice.} 18. Qb3 ({The pointe is} 18.
Bxc4 dxc4 19. Qxc4 Bd5 20. Qb4 Bf8) 18... a6 19. bxa6 Bxa6 20. Bb4 Na5 21. Bxa5
Bxe2 22. Kxe2 bxa5 23. Rhb1 Reb8 $5 ({The prosaic} 23... Qd6 $1 24. Nc3 Qxh2
25. Qxd5 Qxg2 {is fine too.}) 24. Qxb8+ Rxb8 25. Rxb8+ Bf8 26. Rc1 Kg7 27. Rb3
a4 28. Rbc3 Qb5+ 29. Ke1 Qb2 30. Nb4 (30. R1c2 Qb1+ 31. Kd2 Qf1 {moves the
attack to the kingside (Ljubojevic).}) 30... Bxb4 31. axb4 a3 32. R3c2 Qxb4+
33. Kf1 Qb3 34. Rc7 a2 35. Ra7 Qb2 36. Re1 g5 37. g3 Qb1 38. Ra8 Kg6 39. h3 f5
40. Ra6+ Kh5 41. Ra8 h6 42. Ra7 f4 43. exf4 gxf4 44. gxf4 Kh4 45. Ra3 h5 46. f5
Kg5 47. Ra5 Qd3+ 48. Re2 Qd1+ 49. Re1 Qb1 50. Ra8 Kxf5 51. Rf8+ Kg5 52. Ra8 Kh4
53. Ra3 Qb2 54. Ra8 Kxh3 55. Kg1 Qb1 56. Ra3+ Kg4 57. Rf1 h4 58. Ra8 h3 0-1

[Event "Linares"]
[Site "5"]
[Date "1985.??.??"]
[Round "7"]
[White "Timman, Jan"]
[Black "Huebner, Robert"]
[Result "1/2-1/2"]
[WhiteElo "2650"]
[BlackElo "2605"]
[Annotator "JvR"]
[PlyCount "60"]
[EventDate "1985.??.??"]

1. e4 e6 2. d4 d5 3. Nc3 Bb4 4. e5 Ne7 5. Bd2 b6 6. Qg4 O-O 7. Nf3 Ba6 8. Bxa6
Nxa6 9. Rd1 $5 Bxc3 10. bxc3 $5 Qd7 11. h4 Qa4 12. Rc1 $5 ({The crucial
variation is} 12. h5 Qxc2 13. h6 g6 {(Hübner) and now} 14. O-O $1 {gives White
the initiative for a pawn.}) 12... Nf5 13. h5 Nc5 $1 14. Nh4 Ne4 $1 15. Nxf5
exf5 16. Qxf5 Qc6 17. h6 g6 18. Qf4 f6 19. f3 Nxc3 20. Qe3 Nb5 (20... Nxa2 $6
21. Ra1 Qxc2 22. Qa3 {leads to great complications (Hübner).}) 21. O-O Qc4 22.
c3 Rae8 23. f4 f5 24. Qf3 c6 25. Ra1 Qa4 26. a3 Nc7 27. Rfb1 Ne6 28. Qd3 Rd8
29. Rb4 Qa5 30. Be3 Rf7 1/2-1/2

[Event "Linares"]
[Site "5"]
[Date "1985.??.??"]
[Round "8"]
[White "Huebner, Robert"]
[Black "Korchnoi, Viktor"]
[Result "1-0"]
[WhiteElo "2605"]
[BlackElo "2630"]
[Annotator "JvR"]
[PlyCount "73"]
[EventDate "1985.??.??"]

1. e4 c5 2. Nf3 d6 3. d4 cxd4 4. Nxd4 Nf6 5. Nc3 Nc6 6. Bc4 Qb6 7. Nb3 e6 8.
Be3 Qc7 9. Bd3 Bd7 10. f4 Rd8 $5 11. Qf3 a6 12. O-O-O $5 Nb4 13. g4 Nxd3+ 14.
Rxd3 Bc6 15. Bd4 $1 Rc8 $5 16. Bxf6 gxf6 17. f5 Be7 18. fxe6 fxe6 19. Nd4 Bd7
20. Kb1 Qa5 21. Nce2 h5 $5 ({Best is} 21... Qe5 22. Nf4 Kd8) 22. gxh5 Qxh5 23.
Qg2 Kf7 24. Ng3 Qg4 25. a3 Rh3 $6 ({More useful is} 25... Rc5 $1) 26. Rf1 {
Black still has a proper defence, despite doubtful moves.} Bc6 $2 ({Korchnoi
has noticed} 26... Rch8 $2 27. e5 $1 dxe5 28. Nf3 Ke8 29. Nxe5 $1 fxe5 30. Qxb7
Qa4 31. Rfd1 $1 Bc6 32. Qb8+ $18) ({but he misses} 26... Rhh8 $1 27. e5 $1 dxe5
28. Qxb7 exd4 29. Qxd7 Rhd8 $1) 27. Rf4 $1 Qxf4 28. Qxh3 Qe5 29. Nf3 (29. Ngf5
$1 exf5 30. Qh5+ Kf8 31. Rh3 Qxd4 32. Qh8+ Kf7 33. Rh7+ Ke6 34. Qxc8+ Ke5 35.
Qxf5#) 29... Qa5 30. Qh7+ Ke8 31. Nh5 Ba4 32. Rd2 Qb5 33. Nd4 Qg5 34. Rd1 e5
35. Ng7+ Kd7 36. Qh3+ Kc7 37. Nge6+ 1-0